000 00647nam a22002417a 4500
001 26286
003 UA-OsUOA
005 20241106164122.0
007 ta
008 20040525b un ||||| |||| 00| 0 ukr d
020 _a966-06-0171-9
040 _aUA-OsUOA
_bukr
_cUA-OsUOA
_dUA-OsUOA
041 _aukr
044 _aUA
080 _a088(100)(091)
090 _a088(100)(091)
_bІ90
245 _aІсторія світової культури. Культурні регіони
_bнавч. пос.
_cЛ. Т. Левчук
260 _aКиїв
_bЛибідь
_c2000
300 _a520 с.
650 7 _2UDC
942 _cBK
_2udc
955 _a0
999 _c312605
_d312605